Tamil letters - Statistics

General Stats
  • This quiz has been taken 53 times
  • The average score is 16 of 38
Answer Stats
Hint Explanation Answer % Correct
Ka
79%
Pa
76%
O
76%
U
61%
Ō
58%
Tha (unaspirated)
55%
Ra
55%
Ma
55%
A
55%
RRa The r is pronounce really hard
52%
Ī
52%
Ya
52%
Va
52%
Cha (unaspirated)
48%
Ai
48%
Śri ஶ்ரீ
48%
Na
45%
Ā
45%
Ṭa
45%
Au
45%
I
45%
Ū
42%
Ha
42%
Ja
42%
Ē
42%
~Zha
33%
Ṇa
33%
La
33%
Ña
30%
Ah அஃ
30%
E
30%
Ḷa
27%
Sa
24%
Kṣa க்ஷ
21%
Śa
18%
Ṣa
12%
NNa Similar explanation to ற
9%
Ṅa
9%
No matching quizzes found
Score Distribution
Percent of People with Each Score
Percentile by Number Answered
Your Score History
You have not taken this quiz